书目信息 |
| 题名: |
经济改革文丛
|
|
| 作者: | 王梦奎 , 有林 , 赵少平 编 | |
| 分册: | 第一辑 | |
| 出版信息: | 沈阳 辽宁人民出版社 1981.03 |
|
| 页数: | 320页 | |
| 开本: | 21cm | |
| 丛书名: | ||
| 单 册: | ||
| 中图分类: | F124.3 | |
| 科图分类: | ||
| 主题词: | 经济--中国 | |
| 电子资源: | ||
| ISBN: | ||
| 000 | 00636nam0 2200229 45 | |
| 001 | 0210091576 | |
| 005 | 20060720094631.93 | |
| 010 | @dCNY0.86 | |
| 091 | @a4090.32 | |
| 100 | @a20021009d1981 km y0chiy0120 ea | |
| 101 | 0 | @achi |
| 105 | @aa z 000yy | |
| 200 | 1 | @a经济改革文丛@h第一辑@AJing Ji Gai Ge Wen Cong@f有林,赵少平,王梦奎编@FYou Lin,Zhao Shao Ping,Wang Meng Kui Bian |
| 210 | @a沈阳@c辽宁人民出版社@d1981.03 | |
| 215 | @a320页@c图表@d21cm | |
| 606 | 0 | @a经济@x中国 |
| 690 | @aF124.3@v3 | |
| 701 | 0 | @a王梦奎@4编 |
| 701 | 0 | @a有林@4编 |
| 701 | 0 | @a赵少平@4编 |
| 801 | @aCN@bTSTC@c20060720 | |
| 905 | @dF124.3@e2:1 | |
| 经济改革文丛.第一辑/有林,赵少平,王梦奎编.-沈阳:辽宁人民出版社,1981.03 |
| 320页:图表;21cm |
| ISBN :CNY0.86 |
| ● |
| 相关链接 |
|
|
|
|
正题名:经济改革文丛
索取号:F124.3/2:1
 
预约/预借
| 序号 | 登录号 | 条形码 | 馆藏地/架位号 | 状态 | 备注 |
| 1 | 0061784 | 202362237 | 密集书库/ [索取号:F124.3/2:1] | 在馆 | |
| 2 | 0061785 | 000201551 | 密集书库/ [索取号:F124.3/2:1] | 在馆 | |
| 3 | 0126487 | 000201597 | 密集书库/ [索取号:F124.3/2:1] | 在馆 | |
| 4 | 0126488 | 000201515 | 第一样本阅览室/ [索取号:F124.3/2:1] | 在馆 | |
| 5 | 0424700 | 204247001 | 密集书库/ [索取号:F124.3/2:1] | 在馆 |